Riconosci il Pokémon - Quiz n°179 - Statistics

Statistiche generali
  • Questo quiz è stato fatto 3 volte
  • Il punteggio medio è 10 su 10
Statistiche sulle risposte
Indizio Risposta % Corretto
Altezza 0,5 m
100%
Peso 2,1 kg
100%
Tasso di cattura 30 (8.8%)
100%
Sesso 50% ♂, 50% ♀
100%
Tipo Buio / Volante
100%
Stadio evoluzione Forma Base
100%
Abilità Insonnia; Supersorte, Burla
100%
Tasso di allevamento Medio-Lento
100%
Pokémon Murkrow
100%
Generazione Seconda
100%
Nessun quiz corrispondente trovato
Distribuzione punteggi
Percentuale di utenti per punteggio
Percentile per numero di risposta
I tuoi punteggi nel tempo
Non hai fatto questo quiz